Famosos hispanohablantes de la década de 2010 - Estadísticas

Estadísticas generales
  • Esta prueba ha sido intentada 168 veces
  • La puntuación promedio es 13 de 20
Estadísticas de respuestas
Imagen Hint Respuesta % Correcto
Papa Francisco
98%
Rafael Nadal
94%
Sergio Ramos
92%
Andrés Iniesta
91%
Nicky Jam
90%
Pau Gasol
87%
J Balvin
79%
Maluma
79%
James Rodríguez
74%
Camila Cabello
72%
Sofía Vergara
71%
HolaSoyGerman
69%
Tini
68%
Daddy Yankee
67%
Residente
60%
Elsa Pataky
58%
Mon Laferte
29%
Lali Espósito
26%
Zoe Saldaña
25%
Carlos Slim
13%
No se encontraron pruebas coincidentes
Distribución de puntuación
Porcentaje de gente con cada puntuación
Porcentaje por número respondido
Historial de tus puntuaciones
No has intentado esta prueba.